Online
Catalog

Trabajo de grupo en las escuelas secundarias : (Record no. 24173)

MARC details
000 -CABECERA
campo de control de longitud fija 01140nam a2200253 a 4500
001 - NÚMERO DE CONTROL
campo de control 000024680
005 - FECHA Y HORA DE LA ÚLTIMA TRANSACCIÓN
campo de control 20200930023315.0
008 - DATOS DE LONGITUD FIJA--INFORMACIÓN GENERAL
campo de control de longitud fija 110202s1972 ag r 000 0 spa d
040 ## - FUENTE DE LA CATALOGACIÓN
Centro catalogador/agencia de origen DO-SdBNP
Lengua de catalogación spa
Centro/agencia transcriptor BNPHU
082 ## - NÚMERO DE LA CLASIFICACIÓN DECIMAL DEWEY
Número de clasificación nn*
Número de documento/Ítem nn*
049 ## - FONDOS LOCALES (OCLC)
Fondos de biblioteca BNGR
100 1# - ENTRADA PRINCIPAL--NOMBRE DE PERSONA
Nombre de persona Kaye, Barrington.
9 (RLIN) 50604
240 10 - TÍTULO UNIFORME
Título uniforme Group work in secondary schools.
Lenguaje de la obra Español
245 10 - MENCIÓN DE TÍTULO
Título Trabajo de grupo en las escuelas secundarias :
Resto del título y la capacitación de las profesores en sus métodos /
Mención de responsabilidad, etc. Barrington Kaye y Irving Rogers ; traducción de Delia Nilda Arrizabalaga.
260 ## - PUBLICACIÓN, DISTRIBUCIÓN, ETC.
Lugar de publicación, distribución, etc. Buenos Aires :
Nombre del editor, distribuidor, etc. Centro Regional de Ayuda Técnica. Agencia para el Desarrollo Internacional ;
-- El Ateneo,
Fecha de publicación, distribución, etc. 1972.
300 ## - DESCRIPCIÓN FÍSICA
Extensión 172 p. ;
Dimensiones 19 cm.
490 1# - MENCIÓN DE SERIE
Mención de serie Bibliotecas Nuevas Orientaciones de la Educación
534 ## - NOTA SOBRE LA VERSIÓN ORIGINAL
Encabezamiento principal del original [Título original] :
Mención de título del original Group work in secondary schools
500 ## - NOTA GENERAL
Nota general Incluye referencias bibliográficas y nostas al pie de las páginas.
500 ## - NOTA GENERAL
Nota general Incluye índice alfabético.
504 ## - NOTA DE BIBLIOGRAFÍA, ETC.
Nota de bibliografía, etc. [Bibliografía] : [147]-150 p.
700 1# - PUNTO DE ACCESO ADICIONAL--NOMBRE DE PERSONA
Nombre de persona Arrizabalaga, Delia Nilda,
Término indicativo de función/relación tr.
9 (RLIN) 50605
830 #0 - PUNTO DE ACCESO ADICIONAL DE SERIE-TÍTULO UNIFORME
Título uniforme Bibliotecas Nuevas Orientaciones de la Educación
9 (RLIN) 50606
Holdings
Estado de retiro Estado de pérdida Restricciones de uso No para préstamo Código de colección Localización permanente Ubicación/localización actual Ubicación en estantería Fecha de adquisición Número de inventario Total de préstamos Signatura topográfica completa Código de barras Fecha visto por última vez Precio válido a partir de Tipo de ítem Koha Número de copia
        Monografías: Libros y Folletos General General En catalogación 02.02.2011 LF1   nn* nn* 24680-10 25.06.2020 25.06.2020 Préstamo en sala  
      Préstamo restrigido Monografías: Libros y Folletos General General En catalogación 02.02.2011 LF1   nn* nn* 24680-20 25.06.2020 25.06.2020 Préstamo en sala e. 2

Powered by Koha